| 000 | 00505nam a2200169Ia 4500 | ||
|---|---|---|---|
| 003 | GCL | ||
| 008 | 140319s9999 xx 000 0 ara d | ||
| 040 |
_aGCL / _cGCL |
||
| 082 | 0 | 4 |
_a812.043 _bس م |
| 100 | 1 | _aسعدالدين وهبة | |
| 245 | 1 | 0 |
_aالمحروسة : مصر قبل 23 يوليو 1952 / _cسعدالدين وهبة |
| 300 | _a205 ص | ||
| 490 |
_aالكتاب الماسى _v0 |
||
| 650 | 0 | 4 | _aالادب العربى |
| 650 | 0 | 4 | _aالمسرحيات العربية |
| 942 |
_2ddc _cBK |
||
| 999 |
_c47422 _d47422 |
||